[Event "BL 2016-17"]
[Site "Berlin"]
[Date "2017.04.29"]
[Round "13"]
[White "Bluebaum, Matthias"]
[Black "Miton, Kamil"]
[Result "1-0"]
[WhiteElo "2634"]
[BlackElo "2619"]
[Annotator "TA"]
[PlyCount "98"]
[EventDate "2017.??.??"]
[EventType "team-tourn"]
[EventCountry "GER"]
[SourceTitle "playchess.com"]
[Source "ChessBase"]
[SourceQuality "1"]
[WhiteTeam "Werder Bremen"]
[BlackTeam "Hamburger SK"]

{[%evp 16,98,36,36,36,36,30,24,37,30,30,39,44,36,68,52,78,32,94,69,93,95,95,98,101,110,145,103,112,94,95,95,101,95,95,101,78,83,84,86,92,99,122,122,119,123,159,148,137,137,430,424,431,427,425,177,153,171,160,184,236,253,286,298,288,287,393,359,572,562,631,623,640,638,853,847,813,767,843,822,766,754,892,836,1762]} 1. d4 Nf6 2. c4 e6 3. Nf3 Bb4+ 4. Nbd2 b6 5. a3 Bxd2+ 6. Qxd2 Ba6 {E11: Bogo-Indian} 7. e3 d5 8. b3 c5 9. Bb2 {LiveBook: 3 Games} Nbd7 10. Bd3 dxc4 11. bxc4 Bb7 12. Qe2 O-O 13. O-O Qc7 14. Nd2 $146 (14. Rfe1) 14... cxd4 15. exd4 Qf4 16. Qe3 Qh4 ({Black should play} 16... Qxe3 $14 17. fxe3 Nc5 18. dxc5 Rad8) 17. a4 a5 18. f3 Rfe8 19. Ba3 Rac8 20. Bd6 Bc6 21. Rfe1 h6 22. g3 Qg5 23. Bf4 Qh5 24. Qf2 e5 {[#]} 25. g4 $1 {[%cal Rg4h5]} Nxg4 26. fxg4 Qxg4+ 27. Bg3 exd4 28. Qf5 $36 {[%mdl 2048] White is on the roll.} Rxe1+ 29. Rxe1 {[#] White wants to mate with Qh7+.} Qxf5 30. Bxf5 {Hoping for Re7.} Ra8 31. Nb3 d3 32. Ra1 Re8 $2 {[%mdl 8192]} (32... d2 $16 33. Bxd7 (33. Nxd2 Nc5 34. Rb1 Nxa4 $18) 33... Bxd7 34. Nxd2 Rc8) 33. Nd4 $18 ({Not} 33. Bxd3 Re3 34. Nd4 Rxd3 35. Nxc6 Rc3 $16) 33... Be4 34. Bxd7 Rd8 35. Bc7 ({Worse is} 35. Re1 Rxd7 36. Bf2 (36. Rxe4 $2 d2 37. Re1 dxe1=R+ 38. Bxe1 Rxd4 $19) 36... f5 $11) (35. Bb5 $142) 35... Rxd7 36. Bxb6 Rd6 37. Bc5 Rg6+ (37... Rd8 {is a better defense.} 38. Kf2 Rc8) 38. Kf2 Rg2+ 39. Ke3 f5 40. Bd6 g5 41. c5 {[%cal Bc4c5,Bc5c6,Bc6c7][%mdl 32]} Kh7 (41... Kf7 $142 42. c6 d2) 42. c6 {White is clearly winning.} Kg6 43. c7 Bb7 44. Kxd3 f4 45. Rb1 Ba6+ 46. Ke4 Kh5 47. Rb6 Bc8 48. Rb8 Bh3 49. Nf5 Re2+ 1-0

[Event "BL 2016-17"]
[Site "Berlin"]
[Date "2017.04.29"]
[Round "13"]
[White "Miton, Kamil"]
[Black "Bluebaum, Matthias"]
[Result "*"]
[WhiteElo "2619"]
[BlackElo "2634"]
[Annotator "TA"]
[PlyCount "39"]
[EventDate "2017.??.??"]
[EventType "team-tourn"]
[EventCountry "GER"]
[SourceTitle "playchess.com"]
[Source "ChessBase"]
[SourceQuality "1"]
[WhiteTeam "Hamburger SK"]
[BlackTeam "Werder Bremen"]

{[%evp 16,39,25,16,36,27,29,27,39,27,35,28,45,41,60,51,88,25,82,82,97,99,91,94,99,100]} 1. d4 Nf6 2. c4 e6 3. Nf3 Bb4+ 4. Nbd2 b6 5. a3 Bxd2+ 6. Qxd2 Ba6 {E11: Bogo-Indian} 7. e3 d5 8. b3 c5 9. Bb2 {LiveBook: 3 Games} Nbd7 10. Bd3 dxc4 11. bxc4 Bb7 12. Qe2 O-O 13. O-O Qc7 14. Nd2 $146 (14. Rfe1) 14... cxd4 15. exd4 Qf4 16. Qe3 ({White should try} 16. a4 $16) 16... Qh4 (16... Qxe3 $1 $11 {keeps the balance.} 17. fxe3 Rfd8) 17. a4 $16 {White is better.} a5 18. f3 Rfe8 19. Ba3 Rac8 20. Bd6 *

[Event "BL 2016-17"]
[Site "Berlin"]
[Date "2017.04.29"]
[Round "13"]
[White "L'Ami, Erwin"]
[Black "Dinstuhl, Volkmar"]
[Result "1-0"]
[WhiteElo "2614"]
[BlackElo "2397"]
[Annotator "TA"]
[PlyCount "101"]
[EventDate "2017.??.??"]
[EventType "team-tourn"]
[EventCountry "GER"]
[SourceTitle "playchess.com"]
[Source "ChessBase"]
[SourceQuality "1"]
[WhiteTeam "Solingen"]
[BlackTeam "Mülheim Nord"]

{[%evp 24,101,36,20,63,18,22,8,34,34,64,64,87,88,93,97,95,89,116,105,126,124,136,89,97,82,83,68,103,87,128,126,150,137,146,149,132,125,137,132,121,120,216,156,141,132,182,174,250,154,174,0,215,166,166,169,169,168,160,120,222,173,185,157,169,154,183,108,184,195,185,182,286,300,420,448,373,218,1431,1415]} 1. d4 Nf6 2. c4 e6 3. Nf3 b6 4. g3 Ba6 5. Nbd2 Bb4 6. Qc2 Bb7 7. Bg2 Be4 8. Qd1 O-O 9. O-O Bxd2 10. Qxd2 d6 11. b3 {E15: Queen's Indian: 4 g3 sidelines, 4 g3 Ba6 and 4 g3 Bb7 early deviations} Nbd7 12. Bb2 Qe7 13. Rfd1 {LiveBook: 7 Games. White is slightly better.} Rfe8 (13... a5 14. Bf1 a4 15. Nh4 axb3 16. axb3 Rxa1 17. Rxa1 Ra8 18. f3 Rxa1 19. Bxa1 {½-½ (84) Vallejo Pons,F (2696)-Akopian,V (2698) Novi Sad 2009}) 14. Qc3 a5 15. Bf1 $146 (15. Qe3 h6 16. Rac1 Rad8 17. Nh4 Bxg2 18. Kxg2 d5 {1-0 (47) Lehnen,P-Halliday,L LSS email 2007}) 15... a4 16. b4 {[%cal Bb3b4,Bb4b5][%mdl 32]} c5 17. dxc5 dxc5 18. b5 Bb7 19. Rd3 Be4 20. Re3 Qf8 21. Rd1 Ra7 22. Nh4 h6 23. h3 Rc8 24. g4 Re8 25. Qc1 Qe7 26. f4 a3 27. Ba1 {aiming for g5.} Bh7 {[#] Threatening ...Nxg4!} 28. Nf3 $1 ({Don't play} 28. Rxa3 $6 Rea8 29. Rxa7 Rxa7 $11) 28... Qf8 29. Rxa3 Rxa3 30. Qxa3 Ra8 31. Qb2 {Threatens to win with g5.} Qe7 32. a3 Ra4 (32... Nf8 $16) 33. Qb3 Ra7 34. Bb2 Be4 35. Qe3 {[#] Black must now prevent g5.} Bb7 (35... Ba8 $142 36. g5 hxg5) 36. Qd2 {Hoping for g5.} Be4 37. Qe3 Bb7 $1 38. Ne5 Nxe5 39. Qxe5 {Qb8+ is the strong threat.} ({Don't take} 39. fxe5 $6 Ne8 $16) 39... Ne8 40. f5 Ra8 41. fxe6 fxe6 (41... f6 $16 42. Qf5 (42. Qe3 Nd6 $16) 42... Rd8 43. Rxd8 Qxd8) 42. Rd3 Ra4 43. Qc3 Ba8 44. Rd1 h5 45. Qb3 (45. gxh5 $18 Qg5+ 46. Kh2) 45... Ra7 (45... Qh4 $16) 46. Qg3 $18 hxg4 47. Qxg4 Ra4 (47... Rd7 {might work better.} 48. Rxd7 Qxd7) 48. e3 Ra7 49. Bd3 Rd7 {If Black can now play ...Nd6 this consolidates a bit.} 50. Qg6 (50. Qh5 $142 {Strongly threatening Qh7+.} Kf8 51. Rf1+ Nf6 52. Qh8+ Kf7 53. Qh7 (53. Qxa8 Rxd3 54. Qf3 Kg8 $16)) 50... Nf6 $2 (50... Bf3 51. Rd2 e5 52. Qh7+ Kf8 53. Qf5+ Nf6) 51. Bxf6 1-0

[Event "BL 2016-17"]
[Site "Berlin"]
[Date "2017.04.29"]
[Round "13"]
[White "Baramidze, David"]
[Black "Baskin, Robert"]
[Result "1/2-1/2"]
[WhiteElo "2609"]
[BlackElo "2348"]
[Annotator "TA"]
[PlyCount "85"]
[EventDate "2017.??.??"]
[EventType "team-tourn"]
[EventCountry "GER"]
[SourceTitle "playchess.com"]
[Source "ChessBase"]
[SourceQuality "1"]
[WhiteTeam "Hockenheim"]
[BlackTeam "Griesheim"]

{[%evp 18,85,0,-16,13,-27,15,11,0,0,46,45,51,66,68,67,70,62,61,11,21,22,15,0,0,0,0,0,9,0,0,0,0,0,34,0,34,35,35,40,87,0,0,0,88,44,43,14,27,6,6,4,11,0,0,0,4,9,9,9,4,0,9,0,9,0,14,0,5,0]} 1. Nf3 Nf6 2. c4 g6 3. g3 Bg7 4. Bg2 c5 5. O-O d5 6. cxd5 Nxd5 7. Nc3 Nc6 8. d3 O-O 9. Bd2 Nxc3 {A38: Symmetrical English vs ...g6: 4 Bg2 Bg7 5 Nf3 Nf6} (9... b6 10. Nxd5 Qxd5 11. Bc3 Bb7 12. Ne5 Qe6 13. Nxc6 Bxc6 14. Bxc6 Qxc6 15. Rc1 Qe6 16. Bxg7 Kxg7 17. Rc4 Rfd8 18. b3 Rd5 19. Qa1+ f6 {½-½ (45) Bu,X (2712)-Li,C (2748) Zaozhuang 2015}) 10. Bxc3 {LiveBook: 4 Games} Bg4 11. Rc1 Qd6 $146 {Black has an edge.} (11... Nd4 12. Nxd4 cxd4 13. Bb4 Qd7 14. Qd2 Rac8 15. b3 Rfd8 16. f3 Bf5 17. Rxc8 Rxc8 {½-½ (70) Hecko,D (2123)-Gazi,M (2184) Slovakia 2008}) 12. Bxg7 Kxg7 13. Qc2 Bxf3 14. Bxf3 Nd4 15. Qxc5 Nxf3+ 16. exf3 Qxd3 17. Qe5+ Kg8 18. f4 e6 19. Rfd1 Qf3 20. Rd7 Rac8 21. Rcc7 Rxc7 22. Qxc7 $11 {[%mdl 4096] Endgame KQR-KQR} b6 23. a3 Qe4 24. Qe5 Qa4 (24... Qa8 $5 {with more complications.} 25. Qd4 Rc8 26. Qd1 a5 27. h3 h5) 25. Rc7 a5 26. h4 h5 27. Qd6 Qb3 28. Qd4 Rb8 29. Qd7 ({Better is} 29. Rc6 $16) 29... Rf8 30. Qd4 (30. Qd2 $11) 30... Rb8 $16 31. Kg2 Qb5 $1 32. Kh2 Qf1 33. Rd7 b5 {The position is equal.} 34. Qa7 Rf8 35. Qc5 Qc4 36. Rc7 Qf1 37. Qd4 Rb8 38. Qa7 Rf8 39. Qd4 Rb8 40. Qa7 Rf8 41. Rb7 Qe2 42. Qd4 Qf1 43. Rc7 1/2-1/2

[Event "BL 2016-17"]
[Site "Berlin"]
[Date "2017.04.29"]
[Round "13"]
[White "Buhmann, Rainer"]
[Black "Georgiadis, Nico"]
[Result "1/2-1/2"]
[WhiteElo "2609"]
[BlackElo "2475"]
[Annotator "TA"]
[PlyCount "101"]
[EventDate "2017.??.??"]
[EventType "team-tourn"]
[EventCountry "GER"]
[SourceTitle "playchess.com"]
[Source "ChessBase"]
[SourceQuality "1"]
[WhiteTeam "Hockenheim"]
[BlackTeam "Griesheim"]

{[%evp 17,101,17,19,18,12,22,25,17,38,19,31,13,14,11,14,15,37,32,29,20,33,33,44,23,31,41,36,28,29,22,43,32,32,33,61,62,75,69,70,26,33,21,30,30,33,33,29,22,41,64,119,104,98,61,117,108,110,114,112,105,114,40,94,79,140,123,159,10,10,0,0,1,4,4,5,0,0,0,0,0,0,0,0,0,0,0]} 1. Nf3 Nf6 2. c4 e6 3. g3 d5 4. d4 Bb4+ 5. Bd2 {E01: Catalan: Early deviations} Bd6 6. Nc3 O-O 7. Bg5 c6 8. Bg2 h6 9. Bxf6 Qxf6 {LiveBook: 9 Games} 10. e4 {[#] Black must now prevent e5.} dxe4 11. Nxe4 Bb4+ 12. Nc3 $146 (12. Ke2 Qe7 {½-½ (34) Inarkiev,E (2732)-Giri,A (2756) Germany 2017}) 12... c5 13. O-O cxd4 14. Ne4 Qd8 15. a3 Be7 16. Nxd4 e5 17. Nb5 Nc6 18. Ned6 a6 19. Nxc8 Rxc8 20. Nc3 Bc5 21. b4 Bd4 22. Rc1 Qe7 23. Re1 Rfe8 24. Qh5 Rcd8 25. Bd5 Rd7 26. Qf3 Nd8 27. h4 Ne6 28. Ne4 a5 29. Rb1 axb4 30. axb4 Kh8 31. Kg2 Rc8 32. Qg4 Rf8 33. Bxe6 Qxe6 (33... fxe6 $14 34. c5 Rdd8) 34. Qxe6 $16 fxe6 35. Re2 Ra8 (35... Rc8 $14) 36. c5 Kg8 37. Rc2 Kf8 38. Rb3 Rc7 39. h5 (39. Nd6 $16) 39... Ke7 ({Black should try} 39... b6 $1 $14) 40. g4 Kd7 {[#]} (40... b6 $142) 41. b5 $1 Ke7 42. c6 (42. g5 $16) 42... Rb8 $11 {The position is equal.} 43. Ra3 bxc6 $1 44. Rxc6 Rxc6 45. bxc6 {[%mdl 4096] Endgame KRB-KRN} Rc8 46. Ra6 Kd8 47. c7+ Ke7 ({Much worse is} 47... Kxc7 $6 48. Rxe6 Rd8 49. Rg6 $16) 48. Rc6 Kd7 49. Rd6+ Ke7 $1 ({But not} 49... Kxc7 $6 50. Rxe6 Kd8 51. Rg6 $16) 50. Rc6 Kd7 51. Rd6+ 1/2-1/2

[Event "BL 2016-17"]
[Site "Berlin"]
[Date "2017.04.29"]
[Round "13"]
[White "Postny, Evgeny"]
[Black "Neef, Maximilian"]
[Result "1-0"]
[WhiteElo "2606"]
[BlackElo "2438"]
[Annotator "TA"]
[PlyCount "73"]
[EventDate "2017.??.??"]
[EventType "team-tourn"]
[EventCountry "GER"]
[SourceTitle "playchess.com"]
[Source "ChessBase"]
[SourceQuality "1"]
[WhiteTeam "Schwäbisch Hall"]
[BlackTeam "TU Dresden"]

{[%evp 25,73,20,41,45,52,-29,120,166,198,187,186,177,175,105,133,132,183,172,215,203,311,315,311,305,437,441,577,575,554,553,559,529,645,633,782,747,787,672,627,693,697,692,670,687,719,716,711,702,832,822]} 1. d4 Nf6 2. c4 g6 3. Nc3 Bg7 4. e4 d6 5. Nf3 O-O 6. h3 e5 7. d5 a5 8. g4 Na6 9. Be3 c6 10. Nd2 Nc5 11. Be2 a4 {E92: King's Indian: Classical: 6 Be2 e5: 7 dxe5, 7 Be3 and Petrosian System without 7...Nbd7} (11... Bd7 12. h4 cxd5 13. cxd5 Rc8 14. g5 Nh5 15. Bxc5 Rxc5 16. Bxh5 gxh5 17. Qxh5 b5 18. a4 bxa4 19. Qd1 Qc7 20. Nxa4 {0-1 (45) Grischuk,A (2751)-Naiditsch,A (2686) Novi Sad 2016}) 12. g5 Nfd7 13. h4 Qa5 {LiveBook: 3 Games. The position is equal.} 14. a3 f5 15. h5 $146 (15. f3 $1 $14) (15. f3 fxe4 16. fxe4 Rf4 17. Qc2 Nb3 18. Nxb3 axb3 19. Qxb3 Rxe4 {0-1 (31) Omar,N (2377)-Salem,A (2625) Sharjah 2016}) 15... fxe4 (15... f4 $1 $11 16. Bxc5 Nxc5) 16. Kf1 $16 cxd5 17. Nxd5 Rf7 18. hxg6 hxg6 19. Rh4 ({Better is} 19. Nc3 $1 $18) 19... Qd8 {[#]} 20. Nc3 $1 (20. Nxe4 $6 Nxe4 21. Rxe4 Nc5 $11) 20... Ra6 (20... Nf8 $16) 21. Ndxe4 $18 (21. Ncxe4 $6 Qc7 $16) 21... Nb3 {[#]} 22. c5 $1 Nxa1 (22... Ndxc5 $142 23. Bxc5 Nxc5 24. Bxa6 bxa6 25. Qxd6 Qxd6 26. Nxd6 Rf4 27. Rxf4 (27. Nxc8 Rxh4 28. Rd1 Rh1+ 29. Ke2 Rxd1 30. Nxd1 Kf7 $11) 27... Bh3+ 28. Ke2 exf4) 23. Bxa6 (23. Qxa1 Nxc5 24. Nxc5 (24. Bxa6 bxa6 25. Nxc5 dxc5 $11) 24... dxc5 $11) (23. cxd6 Nb3 $14) (23. Nxd6 Nxc5 24. Nxf7 (24. Bxc5 Rxd6 25. Qxd6 Qxg5 $14) (24. Bxa6 Nxa6 25. Nxc8 Qxd1+ 26. Nxd1 b5 $14) 24... Qxd1+ 25. Bxd1 Kxf7 $16) 23... bxa6 24. Nxd6 (24. Qxa1 Nxc5 25. Nxc5 (25. Bxc5 dxc5 26. Qb1 c4 $11) 25... dxc5 $11) 24... Nf8 (24... Nxc5 $142 25. Bxc5 Qxg5) 25. Qxa1 {White is clearly winning.} Ra7 26. Nxc8 Qxc8 27. Qa2+ Ne6 28. Qd5 Re7 29. c6 Rc7 30. Rc4 Kh7 31. Qh1+ Kg8 {If only Black now had time for ...Nd4....} 32. Nd5 Rf7 33. c7 Nxc7 34. Nxc7 Qf5 {White must now prevent ...Qd3+.} 35. Qa8+ Bf8 36. Qd5 Qh3+ 37. Ke1 1-0

[Event "BL 2016-17"]
[Site "Berlin"]
[Date "2017.04.29"]
[Round "13"]
[White "Van Foreest, Jorden"]
[Black "Erdos, Viktor"]
[Result "0-1"]
[WhiteElo "2584"]
[BlackElo "2593"]
[Annotator "TA"]
[PlyCount "86"]
[EventDate "2017.??.??"]
[EventType "team-tourn"]
[EventCountry "GER"]
[SourceTitle "playchess.com"]
[Source "ChessBase"]
[SourceQuality "1"]
[WhiteTeam "Aufwärts Aachen"]
[BlackTeam "SG Trier"]

{[%evp 18,86,14,12,33,24,31,23,36,0,0,0,10,0,0,0,32,29,104,116,125,0,0,0,0,-4,-5,-203,-199,-186,-176,-265,-245,-271,-218,-218,-192,-312,-310,-306,-298,-365,-357,-367,-346,-321,-310,-322,-317,-296,-289,-334,-337,-474,-453,-456,-452,-435,-400,-529,-529,-781,-729,-737,-715,-949,-931,-912,-861,-29987,-29988]} 1. e4 e5 2. Nf3 Nc6 3. Bc4 Bc5 4. O-O Nf6 5. d3 d6 6. c3 a5 {C54: Giuoco Piano: 4 c3 Nf6, main lines with 5 d4 and 5 d3} 7. a4 h6 8. Be3 Bxe3 9. fxe3 O-O 10. Nbd2 {LiveBook: 4 Games} g6 $146 (10... Ne7 11. Bb3 Ng6 12. Qe2 Re8 13. Rad1 c6 {0-1 (56) Van Foreest,J (2612)-Jones,G (2665) Wijk aan Zee 2017}) 11. d4 Qe7 12. h3 Kg7 13. Qc2 Nb8 14. Rf2 Nbd7 15. Raf1 b6 16. Qd3 c6 17. Qe2 Nxe4 (17... Nh5 $11 {remains equal.}) 18. Nxe4 $16 d5 {[#]} 19. dxe5 (19. Nf6 $1 $16 {[%cal Rf6d7] Strongly threatening Nxd7.} Qxf6 20. Nxe5) 19... Nxe5 $11 20. Nxe5 Qxe5 21. Nf6 {Hoping for Bd3.} (21. Nd2 $5 {is more complex.} dxc4 22. Qxc4 Qxe3 23. Qxc6 Be6 24. Qf3) 21... dxc4 22. Qxc4 $2 (22. Rd1 $11) 22... Ba6 $19 (22... Qxe3 23. Qxc6 Be6 24. Nd5 Bxd5 25. Qxd5 $11) 23. Qxc6 {[#] Ng4 is the strong threat.} Bxf1 24. Rxf1 (24. Nd7 $142 Qxe3 25. Nxf8 Rxf8 26. Kxf1) 24... Qxe3+ 25. Kh1 {intending Nd7.} Qe2 26. Kg1 Qe6 (26... Qxb2 27. Nd7 $15) 27. Qf3 (27. Qxe6 $142 fxe6 28. Nd7) 27... Rad8 28. Qg3 Qd6 29. Qg4 Qe5 30. Qf3 Rd6 31. Ng4 Qc5+ 32. Kh1 h5 33. Ne3 Qc6 34. Qg3 {And now Nf5+ would win.} Rf6 35. Rd1 (35. Qe5 {might work better.} Qd6 36. Qxd6 Rxd6 37. Nc4) 35... Re8 ({Less strong is} 35... Qxa4 36. c4 $19) 36. Nd5 Rf5 ({Don't take} 36... Qxa4 37. Rg1 Rc6 38. Rf1 $19) 37. c4 Kh7 ({Weaker is} 37... Qxc4 38. Ne3 Rxe3 39. Qxe3 $19) 38. b3 Qc5 39. Re1 Rxe1+ 40. Qxe1 Qd4 41. Kh2 h4 42. Qe2 Rf2 43. Qe7 Rf1 0-1

[Event "BL 2016-17"]
[Site "Berlin"]
[Date "2017.04.29"]
[Round "13"]
[White "Nyback, Tomi"]
[Black "Huschenbeth, Niclas"]
[Result "0-1"]
[WhiteElo "2583"]
[BlackElo "2588"]
[Annotator "TA"]
[PlyCount "118"]
[EventDate "2017.??.??"]
[EventType "team-tourn"]
[EventCountry "GER"]
[SourceTitle "playchess.com"]
[Source "ChessBase"]
[SourceQuality "1"]
[WhiteTeam "Werder Bremen"]
[BlackTeam "Hamburger SK"]

{[%evp 21,118,22,31,0,0,-9,-14,-12,-5,-6,-10,-7,-5,-21,-11,-16,-16,-56,-51,-55,-47,-62,-44,-54,-35,-37,-31,-49,-48,-48,-48,-53,-53,-79,-77,-73,-67,-73,-72,-70,-77,-73,-47,-58,-21,-83,-82,-82,-82,-89,0,-95,-83,-83,-75,-75,-82,-82,-8,-8,0,-90,0,-11,0,-14,-15,-14,-14,-14,-14,-14,-14,-14,0,-306,-8,-8,-8,-8,-16,-144,-164,-245,-245,-594,-559,-408,-432,-2718,-2519,-29953,-29964,-29966,-29967,-29971,-29972,-29971,-29971]} 1. d4 d5 2. c4 dxc4 3. e3 e5 4. Bxc4 exd4 5. exd4 Bd6 6. Nf3 Nf6 7. Qe2+ {D20: Queen's Gambit Accepted: 3 e3 and 3 e4} Qe7 8. Qxe7+ Bxe7 9. O-O {[%cal Bh1f1,Bf1e1,Be1e6][%mdl 32]} Be6 10. Bxe6 fxe6 11. Re1 Nc6 $1 {LiveBook: 3 Games} 12. Rxe6 Rd8 $1 13. Be3 $146 (13. Nc3 Nxd4 14. Nxd4 Rxd4 {1-0 (39) Georgiev,K (2657)-Rusev,K (2532) Bankia 2013}) 13... Rf8 14. Bg5 Kf7 15. Re2 Nxd4 16. Nxd4 Rxd4 17. Nc3 (17. Nd2 $5 {feels hotter.} Rd5 18. h4 Re8 19. Rc1 c6 20. Nc4) 17... Rfd8 18. Be3 Rd3 19. h3 Bb4 20. Rc1 (20. Bxa7 $2 Bxc3 21. bxc3 b6 $19) 20... Bxc3 21. bxc3 b6 22. Kf1 Ne4 23. Bd4 Re8 {And now ...c5 would win.} 24. Re3 Rxe3 25. Bxe3 $15 {[%mdl 4096] Endgame [#] KRB-KRN} Ng3+ $1 {[%mdl 512]} 26. Ke1 (26. fxg3 Rxe3) 26... Nf5 27. Kd2 Nxe3 28. fxe3 $17 {KR-KR} Re4 29. Rf1+ Ke6 30. Kd3 Ra4 31. Rf2 h5 32. e4 h4 33. Rf4 (33. g3 $1 $11 {keeps the balance.}) 33... Rxa2 34. Rg4 Kf6 35. Rf4+ Ke6 36. Rg4 $1 Kf7 $1 37. Rf4+ Ke8 38. Rg4 Kf8 $1 39. Rf4+ {[#]} Ke7 (39... Kg8 $1 $17 40. e5 Ra5) 40. Rg4 $1 $11 Kf7 ({Better is} 40... a5 $11) 41. Rf4+ $1 $17 {[#]} Ke7 ({Black should try} 41... Kg8 $1 $17 42. e5 Ra5) 42. Rg4 $1 $11 Kf6 {White should prevent ...g5.} 43. Rf4+ $1 Ke5 44. Rg4 $1 a5 45. Rxg7 a4 46. Rxc7 Rxg2 47. Re7+ Kf4 {...Rg3+ is the strong threat.} 48. Re6 $2 {[%mdl 8192]} (48. Rf7+ $11 Kg3 49. Ra7) 48... Rb2 $2 (48... Rg3+ $19 49. Kd4 Rxh3 50. Rf6+ Kg3 51. Rxb6 Rh1 52. Rg6+ Kf4 53. Rf6+ Kg4 54. Rg6+ Kf4 55. Rf6+ Kg4 56. Rg6+ Kf4) 49. Rf6+ Kg3 {Strongly threatening ...a3.} 50. e5 Rb1 {Threatens to win with ...a3.} ({Wrong is} 50... Kxh3 $2 51. e6 a3 52. e7 $18) 51. Kc2 (51. e6 $11 {remains equal.}) 51... Rb5 $17 52. e6 (52. c4 {was necessary.} Rxe5 53. Rxb6) 52... Re5 $19 (52... Kxh3 53. Rf3+ Kh2 54. Re3 $18) 53. Kb2 $2 (53. Rg6+ {is a better chance.} Kxh3 54. c4) 53... b5 {[%cal Bb6b5,Bb5c4][%mdl 32]} 54. Ka3 Kxh3 55. c4 (55. Rg6 $142 Re4 56. Rg5) 55... bxc4 56. Kxa4 Kg4 {Black mates.} 57. Kb4 Kg5 58. Rf3 Rxe6 59. Kxc4 Rh6 0-1

[Event "BL 2016-17"]
[Site "Berlin"]
[Date "2017.04.29"]
[Round "13"]
[White "Svane, Rasmus"]
[Black "Efimenko, Zahar"]
[Result "1/2-1/2"]
[WhiteElo "2573"]
[BlackElo "2650"]
[Annotator "TA"]
[PlyCount "52"]
[EventDate "2017.??.??"]
[EventType "team-tourn"]
[EventCountry "GER"]
[SourceTitle "playchess.com"]
[Source "ChessBase"]
[SourceQuality "1"]
[WhiteTeam "Hamburger SK"]
[BlackTeam "Werder Bremen"]

{[%evp 14,52,34,37,37,47,46,0,-4,-11,0,0,8,3,6,0,0,0,0,0,0,0,0,0,0,0,0,-26,-13,-2,-14,-24,0,0,0,0,0,0,0,-4,-4]} 1. d4 d6 2. Nf3 Nf6 3. c4 g6 4. Nc3 Bf5 5. e3 Bg7 6. Bd3 Bxd3 7. Qxd3 O-O {E61: King's Indian: Early deviations for White, including Smyslov System} 8. O-O {LiveBook: 18 Games} Na6 (8... Nbd7 9. b3 e5 10. dxe5 dxe5 11. Ba3 Re8 12. Ne4 Nxe4 13. Qxe4 Qc8 14. Rad1 Nf6 15. Qc2 {1-0 (79) Akobian,V (2645)-Caruana,F (2817) Saint Louis 2017}) 9. e4 e5 {White is slightly better.} 10. Be3 $146 (10. d5 c6 11. Qe2 Rc8 12. Bd2 Qd7 13. Rfc1 cxd5 14. cxd5 Nc5 15. Ne1 {0-1 (35) Fomichenko,E (2407)-Tseshkovsky,V (2543) Krasnodar 2004}) 10... exd4 11. Bxd4 Re8 12. Rad1 Nb4 13. Qb1 Nc6 14. Bxf6 Bxf6 15. c5 Bxc3 16. bxc3 b6 17. cxd6 cxd6 18. Nd4 Nxd4 19. Rxd4 Rc8 20. Qb4 Rc6 21. Rfd1 {[%cal Rd4d6]} Qc7 22. Rxd6 (22. c4 $5 {seems wilder.} Re5 23. f4 Re8 24. f5 Rc5 25. h3) 22... Rxd6 23. Rxd6 {The position is equal.} Rxe4 24. Qxe4 Qxd6 25. g3 Kg7 (25... Qd1+ $5 26. Kg2 $8 Qd7 $11) 26. Qc4 h5 1/2-1/2

[Event "BL 2016-17"]
[Site "Berlin"]
[Date "2017.04.29"]
[Round "13"]
[White "Naumann, Alexander"]
[Black "Rezasade, Amir"]
[Result "1/2-1/2"]
[WhiteElo "2565"]
[BlackElo "2339"]
[Annotator "TA"]
[PlyCount "106"]
[EventDate "2017.??.??"]
[EventType "team-tourn"]
[EventCountry "GER"]
[SourceTitle "playchess.com"]
[Source "ChessBase"]
[SourceQuality "1"]
[WhiteTeam "Solingen"]
[BlackTeam "Mülheim Nord"]

{[%evp 25,106,62,75,75,78,75,95,100,101,109,117,95,124,107,126,122,127,121,123,133,137,121,127,45,97,86,91,86,115,122,127,127,127,127,127,142,165,141,127,127,127,79,127,112,127,127,180,176,176,145,127,127,135,127,127,91,128,89,128,128,128,128,129,125,135,100,133,120,126,77,279,98,111,91,109,82,132,130,128,126,172,64,87]} 1. e4 c6 2. d4 d5 3. e5 Bf5 4. Nf3 e6 5. Be2 Nd7 6. O-O Ne7 7. Nbd2 Bg6 8. Nh4 c5 9. Nxg6 hxg6 10. c3 cxd4 11. cxd4 Nc6 12. Nf3 Be7 13. Be3 Rc8 {LiveBook: 5 Games. B12: Caro-Kann: Advance Variation} (13... Nb6 14. b3 O-O 15. g3 a5 16. a4 Rc8 17. Rc1 Rc7 18. h4 Qb8 19. Ng5 Nb4 20. h5 Rxc1 21. Bxc1 {1-0 (39) Amonatov,F (2643)-Malakhatko,V (2569) St Petersburg 2009}) 14. g3 Nb6 $146 (14... Qb6 15. Rb1 a5 16. h4 Bd8 17. a3 Qa7 18. Bb5 Bb6 19. Qd3 Rc7 20. Rfc1 Ndb8 21. Kg2 {1-0 (31) Alekseenko,K (2513)-Jacobsen,M (2370) Jyvaskyla 2015}) 15. b3 Bb4 {White is better.} 16. a3 Be7 17. h4 a6 18. Kg2 Na8 19. Bd3 Qb6 20. Nd2 a5 ({Don't take} 20... Nxd4 $2 21. Qg4 $18) 21. Rh1 Nc7 ({But not} 21... Nxd4 $2 22. Nf3 $18) 22. h5 gxh5 23. Rxh5 Kd7 24. Qg4 (24. Nc4 $1 $16 {[%cal Rc4b6]} dxc4 25. d5) 24... Rxh5 (24... g6 $14 25. Rhh1 Rcf8) 25. Qxh5 $16 Rf8 26. Qh7 Ne8 27. a4 Bb4 28. Nf3 Bc3 29. Rc1 Bb2 30. Rb1 Ba3 31. Bb5 Kc7 32. Ng5 Kb8 33. Qh5 Qc7 34. Ra1 Bb2 35. Rd1 Qe7 (35... Ba3 $16 36. Rh1 Qe7) 36. Bxc6 $18 bxc6 37. Qe2 Ba3 38. Qa6 Qb7 39. Qd3 Nc7 40. Ra1 Be7 41. Rc1 Kc8 42. Qh7 $36 {[%mdl 2048] White has strong initiative.} Ne8 43. Qc2 Kd7 44. Bd2 Nc7 45. Nh3 Na6 46. Bxa5 c5 47. dxc5 {c6+ is the strong threat.} Bxc5 $2 {[#]} (47... Rc8 $16 {keeps fighting.}) 48. Nf4 $2 (48. b4 $1 $18 {[%mdl 512] and the rest is easy.} Be7 (48... Nxb4 49. Qxc5) 49. b5) 48... Ba3 $16 49. Ra1 Be7 50. Nd3 d4+ 51. f3 {Black must now prevent Qc4.} Rc8 52. Qd1 Qd5 {[#]} 53. Be1 (53. b4 $1 $18) 53... g5 1/2-1/2